Contribuicoes a historia e a epistemologia da geografia
Gardado en:
| Autor Principal: | |
|---|---|
| Formato: | Libro |
| Idioma: | portugués |
| Publicado: |
Río de Janeiro
Bertrand Brasil
2007
|
| Edición: | 1a. ed |
| Subjects: | |
| Tags: |
Engadir etiqueta
Sen Etiquetas, Sexa o primeiro en etiquetar este rexistro!
|
MARC
| LEADER | 00000cam a2200000 a 4500 | ||
|---|---|---|---|
| 001 | UCC4927 | ||
| 003 | CL-VaPUC | ||
| 008 | 180907e20070000bl |||||||||||||||||por|d | ||
| 020 | |a 9788528612677 | ||
| 082 | 0 | 4 | |a 910.01 |b VIT |2 21 |
| 100 | 0 | |a Vitte, Antonio Carlos |e author |9 599166 | |
| 245 | 1 | 0 | |a Contribuicoes a historia e a epistemologia da geografia |
| 250 | |a 1a. ed | ||
| 300 | |a 290 p | ||
| 942 | |c BK | ||
| 945 | |d 20180907 13:03:00 |a dcastane | ||
| 260 | |a Río de Janeiro |b Bertrand Brasil |c 2007 | ||
| 650 | 0 | |a Geografía |9 259346 | |
| 650 | 0 | |a Epistemología |9 264994 | |
| 583 | |a last modification |c 20180907 13:03:00 |k Rodrigo Vera | ||
| 999 | |c 372308 |d 372306 | ||
| 952 | |0 0 |1 0 |3 erb |4 0 |6 910_010000000000000_VIT_2007 |7 0 |8 A |9 489872 |a BIBING |b BIBING |i 549382K |o 910.01 VIT 2007 |p 549382K |r 2025-01-20 |w 2019-11-24 |y BK |z Catalogado en:20180907 |k GEO | ||